Miasta poniżej 5000 mieszkańców w woj. dolnośląskim - Statystyki

Ogólne statystyki
  • Ten quiz został rozwiązany 13 razy
    8 od ostatniego zresetowania
  • Średni wynik to 19 z 38
Statystyki odpowiedzi
Powiat Miasto % Poprawnych
karkonoski Karpacz
71%
zgorzelecki Zawidów
71%
ząbkowicki Bardo
57%
jaworski Bolków
57%
kłodzki Bystrzyca Kłodzka
57%
kłodzki Duszniki-Zdrój
57%
wałbrzyski Jedlina-Zdrój
57%
ząbkowicki Kamieniec Ząbkowicki
57%
kłodzki Lądek-Zdrój
57%
kłodzki Międzylesie
57%
kłodzki Polanica-Zdrój
57%
legnicki Prochowice
57%
trzebnicki Prusice
57%
kłodzki Radków
57%
lubański Świeradów-Zdrój
57%
kłodzki Szczytna
57%
lwówecki Wleń
57%
ząbkowicki Złoty Stok
57%
oleśnicki Bierutów
43%
polkowicki Chocianów
43%
wałbrzyski Głuszyca
43%
kłodzki Kudowa-Zdrój
43%
lubański Leśna
43%
lwówecki Lubomierz
43%
oleśnicki Międzybórz
43%
średzki Miękinia
43%
wałbrzyski Mieroszów
43%
lwówecki Mirsk
43%
dzierżoniowski Niemcza
43%
bolesławiecki Nowogrodziec
43%
lubański Olszyna
43%
polkowicki Przemków
43%
kłodzki Stronie Śląskie
43%
złotoryjski Świerzawa
43%
górowski Wąsosz
43%
zgorzelecki Węgliniec
43%
strzeliński Wiązów
43%
złotoryjski Wojcieszów
43%
Nie znaleziono quizów pasujących do podanych kryteriów
Rozkład punktacji
Procent ludzi z każdym wynikiem
Percentyl według liczby udzielonych odpowiedzi
Twoja historia wyników
Nie rozwiązałeś tego quizu od ostatniego zresetowania